Ski jumpers who have jumped over 250 meters - Statistics

General Stats
  • This quiz has been taken 68 times
  • The average score is 8 of 10
Answer Stats
Date Athlete Country Hill Jump length % Correct
30 Mar 2025 Domen Prevc Slovenia Letalnica bratov Gorišek 254.5m
98%
25 Mar 2017 Kamil Stoch Poland Letalnica bratov Gorišek 251.5m
98%
14 Feb 2015 Peter Prevc Slovenia Vikersundbakken 250m
98%
24 Apr 2024 Ryoyu Kobayashi Japan Hlíðarfjall 291m
98%
18 Mar 2017 Stefan Kraft Austria Vikersundbakken 253.5m
97%
18 Mar 2017 Robert Johansson Norway Vikersundbakken 252m
77%
15 Feb 2015 Anders Fannemel Norway Vikersundbakken 251.5m
67%
15 Feb 2015 Dimitry Vassiliev Russia Vikersundbakken 254m
64%
22 Mar 2018 Gregor Schlierenzauer Austria Letalnica bratov Gorišek 253.5m
59%
16 Mar 2016 Tilen Bartol Slovenia Letalnica bratov Gorišek 252m
44%
No matching quizzes found
Score Distribution
Percent of People with Each Score
Percentile by Number Answered
Your Score History
You have not taken this quiz